Statistics for Spanish Vocabulary Words That Start With B

Click here to take the quiz!

General Stats

  • This quiz has been taken 4,358 times
  • The average score is 30 of 47

Answer Stats

English español % Correct
babybebé
97%
to dancebailar
96%
whiteblanco
95%
bankbanco
95%
to drinkbeber
94%
mouthboca
89%
librarybiblioteca
87%
restroombaño
85%
shortbajo
83%
bicyclebicicleta
82%
to look forbuscar
81%
bootsbotas
77%
blouseblusa
76%
to kissbesar.
76%
armbrazo
75%
inexpensivebarato
74%
balconybalcón
73%
bagbolsa
71%
boatbarco
68%
to go downbajar
68%
neighborhoodbarrio
66%
beardbarba
66%
donkeyburro
64%
garbagebasura
62%
flagbandera
61%
beveragebebida
60%
weddingboda
60%
baseballbéisbol
59%
firemanbombero
57%
buttonbotón
56%
forestbosque
55%
mustachebigote
50%
witchbruja
48%
biblebiblia.
48%
drunkborracho
47%
scarfbufanda
46%
snackbocadillo
45%
jokebroma
45%
pocketbolsillo
43%
eraseborrar
41%
gangbanda
40%
beautybelleza
39%
bankerbanquero
37%
whaleballena
35%
boxingboxeo
34%
baybahía
32%
bulletbala
30%

Score Distribution

Percentile by Number Answered

Percent of People with Each Score

Your Score History

You have not taken this quiz